Seed variability in high yielding Hevea brasiliensis clones (Record no. 68541)

MARC details
000 -LEADER
fixed length control field 00742nam a2200157Ia 4500
100 ## - MAIN ENTRY--AUTHOR NAME
Personal name Deepthi R
245 #0 - TITLE STATEMENT
Title Seed variability in high yielding Hevea brasiliensis clones
260 ## - PUBLICATION, DISTRIBUTION, ETC. (IMPRINT)
Name of publisher In: Modern Trends in Conservation, Utilization and Improvement of Plant Genetic Resources: Proceedings of Gregor Mendel Foundation Seminar, 23-24 November 2017, Thiruvananthapuram, India. (Eds. Mohanan, K.V, Radhakrishnan, V.V, Suhara Beevy, S, Yusuf, A. and Gangaprasad, A). Gregor Mendel Foundation, Calicut University, Kerala, India, pp. 132-139.
650 ## - SUBJECT ADDED ENTRY--TOPICAL TERM
Topical Term Alternate oil source
650 ## - SUBJECT ADDED ENTRY--TOPICAL TERM
Topical Term Clonal variability
650 ## - SUBJECT ADDED ENTRY--TOPICAL TERM
Topical Term Rubber seed
700 ## - ADDED ENTRY--PERSONAL NAME
Personal name Gireesh T
856 ## - ELECTRONIC LOCATION AND ACCESS
Uniform Resource Identifier Copy
942 ## - ADDED ENTRY ELEMENTS (KOHA)
Koha item type Journals
Holdings
Withdrawn status Lost status Damaged status Not for loan Home library Current library Shelving location Date acquired Koha item type
      Journals RRII Library RRII Library Botany 17/12/2021 Journals